| 000 | 01652nam a2200421 i 4500 | ||
|---|---|---|---|
| 001 | 42417 | ||
| 003 | FlNmELB | ||
| 005 | 20241216222038.0 | ||
| 006 | m o d | | ||
| 007 | cr cnu|||||||| | ||
| 008 | 141113s2009 sp a ob 000 0 spa d | ||
| 020 | _a9788415004233 (e-book) | ||
| 020 | _z9788492442546 | ||
| 035 | _a(MiAaPQ)EBC3225740 | ||
| 035 | _a(Au-PeEL)EBL3225740 | ||
| 035 | _a(CaPaEBR)ebr10957713 | ||
| 035 | _a(OCoLC)992020703 | ||
| 040 |
_aFINmELB _bspa _erda _cFINmELB |
||
| 050 | 4 |
_aRC280.C6 _b.Q311 2009 |
|
| 082 | 0 |
_a616.994347 _223 |
|
| 245 | 0 | 3 |
_aLo que hay que saber sobre el cáncer de colon y recto : _bdirigido a no especialistas / _ccoordinador científico: Albert Abad Esteve. |
| 264 | 1 |
_aBarcelona : _bMarge Médica Books, _c[2009] |
|
| 300 |
_a1 recurso en línea (154 páginas) : _bilustraciones |
||
| 336 |
_atexto _btxt _2rdacontent/spa |
||
| 337 |
_acomputadora _bc _2rdamedia/spa |
||
| 338 |
_arecurso en línea _bcr _2rdacarrier/spa |
||
| 504 | _aContiene bibliografía. | ||
| 588 | _aDescripción basada en recurso en línea; Título de la página del título en PDF (e-libro, visto November 13, 2014). | ||
| 590 | _aRecurso electrónico. Santa Fe, Arg.: e-libro, 2015. Disponible vía World Wide Web. El acceso puede estar limitado para las bibliotecas afiliadas a e-libro. | ||
| 650 | 0 |
_aColon (Anatomy) _xCancer. |
|
| 650 | 0 |
_aRectum _xCancer. |
|
| 650 | 4 |
_aColon (Anatomía) _xCáncer. |
|
| 650 | 4 |
_aRecto _xCáncer. |
|
| 655 | 4 | _aLibros electrónicos. | |
| 700 | 1 |
_aAbad, Albert, _eeditor. |
|
| 797 | 2 | _ae-libro, Corp. | |
| 856 | 4 | 0 | _uhttps://elibro.net/ereader/politecnicointernacional/59311 |
| 999 |
_c42417 _d42417 |
||